000 00321nam a2200109Ia 4500
008 200302s9999 xx 000 0 und d
100 _aFiona Gruber (Ed.)
245 _aThe Master Architect Series V- LS3P Associates Ltd (Selected & Current Works)
260 _bImages Publishing, Austraila
260 _c2002
300 _a256
999 _c4523
_d4523